{"text_format":"1","workbook":"xlsx","n_sheets":2,"sheets":["Объект","Объект Сейф"],"not_rendered":{"charts":0,"images":0,"macros":0,"external_links":0,"defined_names":0,"comments":0,"pivot_tables":0},"unopened":[],"bounds":{"document_bytes":16777216,"sheet_cells":100000,"rows_first":2000,"rows_last":500,"rows_between":2000,"halvings":0,"cell_chars":16384,"cell_head_chars":4096},"cells_cut":0,"cells_raw":0,"read":"whole","date_system":"1900"}

{"sheet":"Объект","index":0,"n_rows":21,"n_cols":10,"rows_kept":21,"cut":false,"hidden":false,"merged":[]}
["Дата","Наименование","Ед.изм.","Кол-во","За един. ","Израсходовано","Назначение","Примечание","Кем","Дата отчета"]
[1]
["2013-06-25","Наименование","шт",15,150,{"$f":"E3*D3","v":2250},"ХЗ на что",null,"Машенька","2013-10-30"]
["2013-06-25","Наименование","шт",220,150,{"$f":"E4*D4","v":33000},"ХЗ на что",null,"Машенька","2013-10-30"]
["2013-06-25","Наименование","шт",5,150,750,"ХЗ на что",null,"Машенька","2013-10-30"]
["2013-06-25","Наименование","шт",5,150,750,"ХЗ на что",null,"Машенька","2013-10-30"]
["2013-06-25","Наименование","шт",2,150,300,"ХЗ на что",null,"Машенька","2013-10-30"]
["2013-06-25","Наименование","шт",6,150,900,"ХЗ на что",null,"Машенька","2013-10-30"]
["2013-06-25","Наименование","шт",2,150,300,"ХЗ на что",null,"Машенька","2013-10-30"]
["2013-06-25","Наименование","шт",8,150,1200,"ХЗ на что",null,"Машенька","2013-10-30"]
["2013-09-17","Наименование","шт",4,150,600,"ХЗ на что",null,"Машенька","2013-10-30"]
[2,null,null,null,null,0]
["2013-09-17","Наименование","шт",4,360,1440,"ХЗ на что",null,"Машенька","2013-10-31"]
["2013-09-17","Наименование","шт",5,360,1800,"ХЗ на что",null,"Машенька","2013-10-31"]
["2013-10-02","Наименование","шт",2,360,720,"ХЗ на что",null,"Машенька","2013-10-31"]
["2013-10-02","Наименование","шт",8,360,2880,"ХЗ на что",null,"Машенька","2013-10-31"]
["2013-10-02","Наименование","шт",8,360,2880,"ХЗ на что",null,"Машенька","2013-10-31"]
["2013-10-02","Наименование","шт",2,360,720,"ХЗ на что",null,"Машенька","2013-10-31"]
["2013-10-06","Наименование","шт",4,360,1440,"ХЗ на что",null,"Машенька","2013-10-31"]
["2013-09-29","Наименование","шт",8,360,2880,"ХЗ на что",null,"Машенька","2013-10-31"]
["2013-10-06","Наименование","шт",8,360,2880,"ХЗ на что",null,"Машенька","2013-10-31"]

{"sheet":"Объект Сейф","index":1,"n_rows":5,"n_cols":7,"rows_kept":5,"cut":false,"hidden":false,"merged":[]}
["Дата","Сумма","Кому","Назначение","Кем","остаток","Этап"]
["2013-10-15",-20000,"Объект1","З\\п 2-й этап","Вася",null,2]
["2013-08-14",-60000,"Объект1","з\\п 1-й этап","Вася",null,1]
["2013-07-22",200000,"Объект1","Оплата выполнения ","Заказчик",null,1]
["2013-10-17",3000000,"Объект1","Оплата выполнения","Заказчик",null,2]